| 000 | 00548nam a22001932 4500 | ||
|---|---|---|---|
| 001 | 0000003297 | ||
| 005 | 20151217155820.0 | ||
| 008 | 070503s xx 000 0 eng d | ||
| 040 |
_aKABU _cKABU |
||
| 050 | 0 |
_aHT166 _b.S87 1998 |
|
| 245 | 1 | 0 |
_aSustainable cities programme : _bapproach and implementation. |
| 250 | _a2nd ed. | ||
| 260 |
_aNairobi : _bHabitat, _c1998. |
||
| 300 | _aviii, 61, xviii p. | ||
| 650 | 0 |
_aCity planning. _@0000047171 |
|
| 908 | _a070503 | ||
| 950 | _@1 | ||
| 999 |
_c12810 _d12810 |
||